书目信息 |
| 题名: |
服务器配置全攻略
|
|
| 作者: | 李思齐 编著 | |
| 分册: | ||
| 出版信息: | 北京 清华大学出版社 2006 |
|
| 页数: | 14,333页 | |
| 开本: | 26cm | |
| 丛书名: | 网站开发非常之旅 | |
| 单 册: | ||
| 中图分类: | TP368.5 | |
| 科图分类: | ||
| 主题词: | 网络服务器--基本知识 | |
| 电子资源: | ||
| ISBN: | 7-302-11988-0(含光盘) | |
| 000 | 01032nam0 2200277 450 | |
| 000 | 01038nam0 2200277 450 | |
| 000 | 00968nam0 2200253 450 | |
| 000 | 00931nam0 2200241 450 | |
| 005 | 20070602151935.43 | |
| 010 | @a7-302-11988-0(含光盘)@dCNY36.00 | |
| 100 | @a20060104d2006 em y0chiy50 ea | |
| 101 | 0 | @achi |
| 102 | @aCN@b110000 | |
| 105 | @ay z 000yy | |
| 200 | 1 | @a服务器配置全攻略@AFu Wu Qi Pei Zhi Quan Gong Lue@b专著@f李思齐编著@FLi Si Qi Bian Zhu |
| 210 | @a北京@c清华大学出版社@d2006 | |
| 215 | @a14,333页@d26cm@e光盘1张 | |
| 225 | 2 | @a网站开发非常之旅@e珍藏版 |
| 307 | @a附光盘:ISBN 7-89494-897-7 | |
| 330 | @a本书以图解的方式介绍各类服务器的安装与配置,对每类服务器分别挑选了两个或三个典型的实例进行讲解。具体包括如何架设Web网站服务器、FTP服务器、邮件服务器、聊天服务器、流媒体服务器等。 | |
| 410 | 0 | @12001 @a网站开发非常之旅 |
| 606 | 0 | @a网络服务器@x基本知识 |
| 690 | @aTP368.5@v4 | |
| 701 | 0 | @a李思齐@ALi Si Qi@c(计算机)@4编著 |
| 801 | 0 | @aCN@bTAOJIN@c20070602 |
| 905 | @a10447@dTP368.5@e392 | |
| 服务器配置全攻略/李思齐编著.-北京:清华大学出版社,2006 |
| 14,333页;26cm+光盘1张.-(网站开发非常之旅:珍藏版) |
| ISBN 7-302-11988-0(含光盘):CNY36.00 |
| 本书以图解的方式介绍各类服务器的安装与配置,对每类服务器分别挑选了两个或三个典型的实例进行讲解。具体包括如何架设Web网站服务器、FTP服务器、邮件服务器、聊天服务器、流媒体服务器等。 |
| ● |
| 相关链接 |
|
|
|
|
正题名:服务器配置全攻略
索取号:TP368.5/392
 
预约/预借
| 序号 | 登录号 | 条形码 | 馆藏地/架位号 | 状态 | 备注 |
| 1 | 0525026 | 205250262 | 第二样本阅览室/ [索取号:TP368.5/392] | 在馆 | |
| 2 | 0525027 | 205250271 | 第三借阅区/ [索取号:TP368.5/392] | 在馆 | |
| 3 | 0525028 | 205250280 | 第三借阅区/ [索取号:TP368.5/392] | 在馆 | |
| 4 | 0525029 | 205250299 | 第三借阅区/ [索取号:TP368.5/392] | 在馆 | |
| 5 | 0525030 | 205250306 | 第三借阅区/ [索取号:TP368.5/392] | 在馆 | |
| 6 | 0525031 | 205250315 | 第三借阅区/ [索取号:TP368.5/392] | 在馆 | |
| 7 | 0525032 | 205250324 | 第三借阅区/ [索取号:TP368.5/392] | 在馆 | |
| 8 | 0525033 | 205250333 | 第三借阅区/ [索取号:TP368.5/392] | 在馆 |